<?xml version="1.0" encoding="UTF-8"?>
<marc:record xmlns:marc="http://www.loc.gov/MARC21/slim">
   <marc:leader>00000nam a2200000 a 4500</marc:leader>
   <marc:datafield ind1="1" ind2=" " tag="100">
      <marc:subfield code="a">Hirsch, Mathias</marc:subfield>
      <marc:subfield code="4">aut</marc:subfield>
      <marc:subfield code="e">Verfasser/-in</marc:subfield>
   </marc:datafield>
   <marc:datafield ind1=" " ind2=" " tag="653">
      <marc:subfield code="a">Familie</marc:subfield>
   </marc:datafield>
   <marc:datafield ind1=" " ind2=" " tag="653">
      <marc:subfield code="a">Psychisches Trauma</marc:subfield>
   </marc:datafield>
   <marc:datafield ind1=" " ind2=" " tag="653">
      <marc:subfield code="a">Psychoanalyse</marc:subfield>
   </marc:datafield>
   <marc:datafield ind1=" " ind2=" " tag="653">
      <marc:subfield code="a">Softcover</marc:subfield>
   </marc:datafield>
   <marc:datafield ind1=" " ind2=" " tag="653">
      <marc:subfield code="a">Karte</marc:subfield>
   </marc:datafield>
   <marc:datafield ind1=" " ind2=" " tag="653">
      <marc:subfield code="a">Pharmazie / Sonstige Fachgebiete</marc:subfield>
   </marc:datafield>
   <marc:datafield ind1="0" ind2="0" tag="245">
      <marc:subfield code="a">Psychoanalytische Traumatologie - das Trauma in der Familie</marc:subfield>
   </marc:datafield>
   <marc:datafield ind1="0" ind2="0" tag="245">
      <marc:subfield code="b">psychoanalytische Theorie und Therapie schwerer Persönlichkeitsstörungen</marc:subfield>
   </marc:datafield>
   <marc:datafield ind1="0" ind2="0" tag="245">
      <marc:subfield code="c">Mathias Hirsch</marc:subfield>
   </marc:datafield>
   <marc:datafield ind1=" " ind2="1" tag="264">
      <marc:subfield code="a">Stuttgart</marc:subfield>
      <marc:subfield code="b">Schattauer</marc:subfield>
      <marc:subfield code="c">2004</marc:subfield>
   </marc:datafield>
   <marc:datafield ind1="1" ind2=" " tag="520">
      <marc:subfield code="a">Es ist ein merkwürdiges gesellschaftliches Phänomen: Erst vor ungefähr 20 Jahren kamen Traumatisierung infolge politisch-rassistischer Verfolgung oder durch Kindesmisshandlung und sexuellen Missbrauch in der Familie aus einer gründlichen Verdrängung an die Oberfläche. Inzwischen ist das Trauma in den Vordergrund der wissenschaftlichen Diskussion und der therapeutischen Bemühungen gerückt; heute versteht man schwer gestörte bzw. persönlichkeitsgestörte Patienten weitgehend als Opfer von Traumatisierungen. Zeitgenössische psychoanalytische Therapie schwer traumatisierter Patienten erfordert ein flexibles Vorgehen zwischen Halten und Grenzen-Setzen, Verstehen und Konfrontieren bis hin zum spielerischen psychodramatischen Mitagieren. Mathias Hirsch hat seine Konzepte für den prototypischen Extremfall von familiärer Traumatisierung aus seiner jahrelangen Erfahrungen mit der psychoanalytischen Therapie derart betroffener Patienten erarbeitet. Er stellt hier sowohl die theoretischen und historischen Grundlagen als auch die psychoanalytische Therapie ausführlichst dar. Das Ergebnis ist ein hochaktuelles Buch über moderne Psychoanalyse bzw. psychodynamische Psychotherapie. - Theoretische und historische Grundlagen des Traumakonzepts - Hochaktuelle Darstellung psychoanalytischer Traumatherapie in der Praxis</marc:subfield>
   </marc:datafield>
   <marc:datafield ind1=" " ind2=" " tag="020">
      <marc:subfield code="a">9783794523177</marc:subfield>
      <marc:subfield code="9">9783794523177</marc:subfield>
   </marc:datafield>
   <marc:datafield ind1=" " ind2=" " tag="020">
      <marc:subfield code="a">3794523172</marc:subfield>
      <marc:subfield code="9">3794523172</marc:subfield>
   </marc:datafield>
   <marc:datafield ind1=" " ind2=" " tag="041">
      <marc:subfield code="a">ger</marc:subfield>
   </marc:datafield>
   <marc:datafield ind1=" " ind2=" " tag="300">
      <marc:subfield code="a">VIII, 308 S.</marc:subfield>
   </marc:datafield>
</marc:record>
